000 01076nmc a2200313 a 4500
003 AR-BaBNM
005 20251128203051.0
008 097019s1986 ||||||||||||||000 | spa||
040 _cAR-BaBNM
100 1 _aCirigliano, Gustavo F.J.
245 1 0 _aEducación a distancia
260 _aBuenos Aires
_bDocencia
_c1986
300 0 _a68 p.
_bdiagr.
490 0 _aCongreso pedagógico. Compromiso y creatividad
_vV. 21
500 0 _aContiene referencias a cinco experiencias de Educación a Distancia: SEATRA: Sistema de educación abierta de los trabajadores
500 0 _aThe Open University de Gran Bretaña
500 0 _aUNA: Universidad Nacional Abierta de Venezuela
500 0 _aUNED: Universidad Nacional de Educación a Distancia de Costa Rica y España
504 _aBibliografía: p. 65-66
650 4 _aEDUCACION PERMANENTE
650 4 _aUNIVERSIDADES
651 4 _aReino Unido
651 4 _aEspaña
651 4 _aCosta Rica
653 0 _aEDUCACION A DISTANCIA
800 1 _aGómez de Mier, Eugenio
_ecoordinador
942 _cBK
998 _cSILVI
999 _c1732
_d1732